00981nam a2200265 a 4500001000900000005001700009008004100026041000800067044000800075050002100083100006800104245009600172260003600268300002700304500001100331504002600342650002800368651004200396651004400438700007700482902000800559942001100567999001700578952012000595BRL_165920190320211318.0220414s1954----enk#######---#000-0#eng-# aeng aenk 4aF1213b.C35 19541 aCalderón de la Barca, Frances Erskine Inglisd1804-18829912910aLife in MexicocFrances Calderón de la Barca ; introduction by Manuel Romero de Terreros. aLondonbJ. M. Dent & Sonsc1954 axxviii, 542 p.c19 cm. aAu1866 aBibliografía: p. xi14aViajeros ingleses97018 4aMéxicoxDescripción y viajes9103 4aMéxicoxVida social y costumbres97691 aRomero de Terreros, ManuelcMarqués de San Franciscod1880-1968927560 aGRL 2lcccB c10468d10468 00104070aBRLbBRLd2014-04-22iAu1866l0oF1213 .C35 1954 (Au1866)pGRL01830r2019-03-22 00:00:00w2019-03-22yB